01018cam a2200253 a 450000100100000000500170001000800410002704000250006805000150009308200220010810000260013024500570015626000340021330000280024749000330027550500740030865000300038265000340041283000400044604900090048695201260049595201260062199900170074700002349820200930022248.0820602s1957 sp a 000 0 spa d aDO-SdBNPbspacBNPHU00aIN PROCESS a828.99343bZ97ó1 aZweig, Stefan.94838814aLos ojos del hermano eterno y miedo /cStefan Zweig. aBarcelona :bJuventud,c1957. a166 p. :bil. ;c18 cm.1 aZ. Sólo obras maestrasv250 aIncluye notas y referencias bibliográficas al pie de las páginas. 4aNovela australiana913045 4aLiteratura australiana911480 0aZpSólo obras maestrasv25948424 aBNGR 001054708MOaGRbGRcHDd2010-12-09iLF1l0o828.99343 Z97óp23498-10r2020-06-25w2020-06-25y4ZPréstamo en sala 001050718MOaGRbGRcCTd2011-11-01iLF1l0o828.99343 Z97óp23498-20r2020-06-25te. 2w2020-06-25y1ZNo se presta c22994d22994